000 01266nam a2200277Ia 4500
001 21919
005 20260413165303.0
008 260320s9999||||xx |||||||||||||| ||und||
020 _a9786074817157
041 _aESP
082 _a658.4033
_bV63
100 _aVidaurri Aguirre, Héctor Manuel,
_eAUT
245 0 _aMatemáticas financieras
250 _aQuinta edición
260 _aMéxico D. F. :
_bCengage Learning,
_c2012
300 _axiv, 666 páginas :
_c24 cm.
500 _aNo tiene portada / Datos extraídos de Worldcat
650 _aTCA
653 _aMatemáticas financieras
654 _aCAN
856 _uhttps://itmsp.museknowledge.com/UCSP?url=https://www.ebooks7-24.com:443/?il=4467&pg=1
_zVéase además: Matemáticas financieras, por José Luis Villalobos Pérez. Versión digital
856 _uhttps://0u213w93g-y-https-ebooks7--24-com.itmsp.museknowledge.com/biblioteca.aspx
_zVéase además: Base de datos Ebook7-24
856 _uhttps://0u20fw92q-y-https-research-ebsco-com.itmsp.museknowledge.com/c/qxo6us/search
_zVéase además: Base de datos EBSCOhost
856 _uhttps://0u21dw93c-y-https-ebooks-editorialmacro-com.itmsp.museknowledge.com/library
_zVéase además: Base de datos Macro Digital
942 _cLIB
_dJUS
_fMIP
_2ddc
999 _c21919
_d21919